000 01065nam a22002057a 4500
003 JO-AjAnu
005 20241023090141.0
008 241022b jo ||||| |||| 00| 0 ara d
040 _aJO-AjAnu
_bara
_cJO-AjAnu
_dJO-AjAnu
_erda
041 _aara
_hara
050 _aLC904 .
_bS5298 2002
100 1 _aالشرع، زكريا عبدالله ضيف الله
_eمعد
_966404
245 0 _a المبادئ التربوية للإنفاق في ضوء التربية الإسلامية = Educational principles of spending in light of islamic education /
_c إعداد زكريا عبد الله ضيف الله الشرع ؛ إشراف حسن أحمد الحياري
260 _c2002
300 _a112 ورقة
504 _a رسالة جامعية (ماجستير) .- جامعة اليرموك ، كلية التربية ، قسم الإدارة وأصول التربية ، 2002
650 7 0 _aالتربية الاسلامية- النفقات- جوانب دينية
_966406
700 1 _aالحياري، حسن احمد
_eمشرف
_966408
942 _2lcc
_cTHS
_n0
999 _c33829
_d33829